Responses for Show #2152 - Tuesday, January 4, 1994

Kurt Bray game 2.

Contestants

[<< previous game]

Craig Loisel, an Air Force officer from Mason, Ohio

Debra Elarbee, a high school teacher from Carrollton, Georgia

Kurt Bray, a scientist from Oceanside, California (whose 1-day cash winnings total $2,800)

[next game >>]

Jeopardy! Round responses

NEW MEXICO
CELEBRITY JEOPARDY!
(Alex: These clues are quotes from the celebrities themselves.)
FRENCH MENU
RELIGION
OFFICIAL DOCUMENTS
FILE UNDER "N"
(Alex: Each correct response in that last category will begin with that letter of the alphabet.)
    $100 1
Carlsbad Caverns

Kurt
    $100 21
Cheech Marin

Craig
    $100 10
frog legs

Kurt
    $100 8
an elephant

Kurt
    $100 6
the deed

Craig
    $100 26
a noun

Kurt
    $200 2
Land of Enchantment

Kurt
    $200 22
Scott Baio

Craig
    $200 14
cream of asparagus

Kurt
    $200 9
the Amish

Craig
    $200 7
(Craig: What's a driver's license?)

a marriage license

KurtCraig
    $200 28
next of kin

Triple Stumper
    $300 3
Santa Fe

Kurt
    $300 23
Lorenzo Lamas

Debra
    $300 18
zucchini

Kurt
    $300 11
karma

Kurt
    $300 15
a compact

Kurt
    $300 29
Nicholas

Craig
    $600 4
the detonation of the first atomic bomb

Kurt
    $400 24
John Tesh

Debra
    $400 19
apples

Debra
    $400 12
the Torah

Kurt
    $400 16
a subpoena

Kurt
    $400 30
nature

Kurt
    $500 5
Albuquerque

Craig
    $500 25
Vicki Lawrence

Debra
    $500 20
paprika

Debra
    $500 13
the Shiites

Craig
    $500 17
a bull

Craig
    $500 27
Neolithic

Craig

Scores at the first commercial break (after clue 15):

Kurt Debra Craig
$2,800 $0 $1,100

Scores at the end of the Jeopardy! Round:

Kurt Debra Craig
$4,000 $2,100 $2,700

Double Jeopardy! Round responses

THE AMERICAN REVOLUTION
PLANTS
WOMEN '93
AIRCRAFT
LAKES & RIVERS
WORLD LITERATURE
    $200 1
Valley Forge

Craig
    $200 7
the African violet

Craig
    $200 6
Hillary Clinton

Kurt
    $200 8
the propeller

Kurt
    $200 13
the Thames

Craig
    $200 18
War and Peace

Debra
    $400 2
Thomas Paine

Kurt
    $400 27
blue

Craig
    $400 22
the Giants

Kurt
    $3,000 9
Leonardo da Vinci

Kurt
    $400 14
the Missouri

Kurt
    $400 19
Georges Simenon

Triple Stumper
    $600 3
Farragut

Kurt
    $600 28
Wisteria

Kurt
    $600 24
(Debra: Who is the emperor of Japan?)
(Alex: [Laughing] Well, we want his name, Debra.)
(Debra: Nahurito?)

Emperor Akihito

KurtDebra
    $600 10
the Concorde

Craig
    $600 15
(Craig: What is the Caspian Sea?)

Lake Baikal

KurtCraig
    $600 20
Voltaire

Kurt
    $800 4
Ben Franklin

Kurt
    $800 29
a rubber tree

Kurt
    $800 25
(Craig: Who is Mandela?)
(Alex: Be more specific.)

Winnie Mandela

Craig
    $800 11
Boeing

Craig
    $800 16
Saskatchewan

Craig
    $800 21
(Craig: What is German?)

Spanish

DebraCraig
    $1000 5
the House of Burgesses

Debra
    $1000 30
(Kurt: What's the Krebs cycle?)

photosynthesis

KurtCraig
    $2,000 26
(Craig: I have no idea.)
(Alex: She replaced Brian Mulroney and her name is [*].)

Kim Campbell

Craig
    $1000 12
Lockheed

Craig
    $1000 17
the Rhine

Kurt
    $1000 23
Goethe

Kurt

Scores at the end of the Double Jeopardy! Round:

Kurt Debra Craig
$14,200 $3,500 $5,300
(lock game)

[wagering suggestions for these scores]

Final Jeopardy! Round responses

COMPOSERS
DebraWho is Wagner
$3,500
CraigWho is Wagner
$2,000
KurtWho is Wagner?
$3,000
Richard Wagner

Final scores:

Kurt Debra Craig
$17,200 $7,000 $7,300
2-day champion: $20,000 3rd place: Retroneu flatware + Jeopardy! home game 2nd place: trip on Delta to St. Thomas, U.S. Virgin Islands & stay at Bluebeard's Castle + Jeopardy! home game

Game dynamics:

Coryat scores:

Kurt Debra Craig
$11,400 $3,500 $7,300
30 R
(including 2 DDs),
1 W
8 R,
1 W
19 R,
4 W
(including 1 DD)

Combined Coryat: $22,200

[game clues] [game scores] [suggest correction]

Game tape date: 1993-09-21
The J! Archive is created by fans, for fans. Scraping, republication, monetization, and malicious use prohibited; this site may use cookies and collect identifying information. See terms. The Jeopardy! game show and all elements thereof, including but not limited to copyright and trademark thereto, are the property of Jeopardy Productions, Inc. and are protected under law. This website is not affiliated with, sponsored by, or operated by Jeopardy Productions, Inc. Join the discussion at JBoard.tv.